000 00668nam a2200181 i 4500
001 182811
003 ES-MaACL
005 20250628032237.0
008 131106s1987 sp |||| | spa d
100 1 _aVega Díaz, Francisco,
_d1907-1995
_9113597
_eaut
245 1 0 _aAl cumplise diez años de "Descargo de conciencia" /
_cFrancisco Vega Díaz.
260 _a[Madrid] :
_bCuadernos Hispanoamericanos,
_c1987.
300 _aPáginas [127]-132 :
_bilustraciones ;
_c24 cm.
600 1 4 _aLaín Entralgo, Pedro,
_d1908-2001
_969681
852 _aES-MaACL
_cDEPOF
_hDonat. herederos José Prat
_j2329-F-23
942 _2udc
_cFOLLETOS
_n0
999 _c182811
_d182811